01063nam a2200313Ia 4500003000500000005001700005008004100022020003000063040002300093082001800116100005700134111003400191245004700225260003400272300004900306504006200355521001000417600003100427630003000458648001200488650004200500651001700542654002400559655002200583658002300605662002900628700005800657711003400715322820260309094902.0210817s9999 xx 000 0 und d a9781770 070707qPaperback aRDAbENGLISHc3228 a381.1096 LEVI a LEVIN, Adam Cape Town, 2005 d1969-2019.eAuthor aBible Society of South Africa 0aThe art of African shopping c Adam Levin. aCape Town: b Struik, c2005. a208 pages bColour illustrations, mapc23 cm aIncludes bibliographical references (page 205) and index. aAdult 0a LEVIN, Adam d1969-2019. 0aSouth African Art Library 0aKabbala 0aArtxStudy and teachingzSouth Africa 0aSouth Africa amanners and customs 0aAdult Non-Fiction aArt, South African aCape Town (South Africa) a LEVIN, Adam Cape Town, 2005 d1969-2019.eAuthor. aBible Society of South Africa